[Event "Prague Golden Rapid op 17th"]
[Site "Prague"]
[Date "2022.07.09"]
[Round "4"]
[White "Plate, Marion Helga"]
[Black "Forman, Daniel"]
[Result "0-1"]
[WhiteElo "1615"]
[BlackElo "1951"]
[PlyCount "87"]
[EventDate "2022.07.09"]
[EventType "swiss (rapid)"]
[EventRounds "7"]
[EventCountry "CZE"]
[SourceTitle "CBM 209 Extra"]
[Source "ChessBase"]
[SourceDate "2022.09.30"]
[SourceVersion "1"]
[SourceVersionDate "2022.09.30"]
[SourceQuality "1"]

1. d4 Nc6 2. Bf4 d5 3. e3 e6 4. Bd3 Bd6 5. c3 Nge7 6. Nf3 Ng6 7. Bg3 0-0 8. 0-0 f5 9. Bxd6 Qxd6 10. Nbd2 e5 11. dxe5 Ncxe5 12. Bc2 Bd7 13. Nd4 Rae8 14. Qh5 Qf6 15. Rad1 Ne7 16. N4f3 g6 17. Qh6 Nf7 18. Qf4 Qd6 19. Qh4 Qe6 20. Nd4 Qd6 21. N2f3 c5 22. Ne2 Bb5 23. Rfe1 Bxe2 24. Rxe2 Kg7 25. Bb3 Rd8 26. Red2 Qb6 27. Ng5 Nxg5 28. Qxg5 Qe6 29. h4 h6 30. Qf4 Rd6 31. Qf3 Rfd8 32. c4 dxc4 33. Rxd6 Rxd6 34. Rxd6 Qxd6 35. Bxc4 Qc6 36. Qe2 Qd6 37. g3 Nc6 38. a3 Ne5 39. Bb3 Qc6 40. Bd1 c4 41. Bc2 Nf3+ 42. Kf1 Nd4 43. Be4 Qxe4 44. exd4 0-1